| 000 | 00667nam a2200217Ia 4500 | ||
|---|---|---|---|
| 005 | 20231018114130.0 | ||
| 008 | 210716s9999 xx 000 0 und d | ||
| 020 | _a9788176565547 | ||
| 040 | _cAIMIT LIBRARY | ||
| 041 | _aeng | ||
| 082 |
_a005.1331 _21 _bKANY |
||
| 100 |
_aKanetkar, Yashavant P. _9138593 |
||
| 245 |
_aTest your c++ skills / _cBy Yashavant P Kanetkar. |
||
| 250 | _a1st ed. | ||
| 260 |
_aNew Delhi : _bBPB Publications , _c2002. |
||
| 300 |
_aviii,389p. ; _bPB _c21 cm. |
||
| 650 |
_aGraduating c++ _9138594 |
||
| 650 |
_aMiscellaneous class issues _9138595 |
||
| 650 |
_aException handling _9138596 |
||
| 942 |
_2ddc _cBK _e1st ed. _k005.1331 KANY |
||
| 999 |
_c186315 _d186315 |
||